Catálogo - Centro de Recursos para el Aprendizaje y la Investigación
Volver al Sitio - CRAI Biblioteca| 000 -CABECERA | |
|---|---|
| campo de control de longitud fija | 01357nam a2200253 4500 |
| 001 - NÚMERO DE CONTROL | |
| campo de control | 113740 |
| 003 - IDENTIFICADOR DEL NÚMERO DE CONTROL | |
| campo de control | DR-UNIBE |
| 005 - FECHA Y HORA DE LA ÚLTIMA TRANSACCIÓN | |
| campo de control | 20251009103310.0 |
| 008 - DATOS DE LONGITUD FIJA--INFORMACIÓN GENERAL | |
| campo de control de longitud fija | 250606b2023 sp ||||| |||| 00| 0 spa d |
| 020 ## - NÚMERO INTERNACIONAL ESTÁNDAR DEL LIBRO | |
| Número Internacional Estándar del Libro | 9788430987863 |
| 040 ## - FUENTE DE LA CATALOGACIÓN | |
| Centro catalogador/agencia de origen | BIBLIOTECA UNIBE |
| Centro/agencia transcriptor | BIBLIOTECA UNIBE |
| Lengua de catalogación | spa |
| 041 ## - CÓDIGO DE LENGUA | |
| Código de lengua del texto/banda sonora o título independiente | spa |
| 082 ## - NÚMERO DE LA CLASIFICACIÓN DECIMAL DEWEY | |
| Número de edición | 22 |
| Número de clasificación | 341 P293c 2023 |
| 100 1# - ENTRADA PRINCIPAL--NOMBRE DE PERSONA | |
| Nombre de persona | Pastor Ridruejo, José A. |
| Forma completa/desarrollada del nombre | (Pastor Ridruejo, José Antonio), |
| Fechas asociadas al nombre | 1932- |
| Término indicativo de función/relación | autor |
| 9 (RLIN) | 196225 |
| 245 10 - MENCIÓN DE TÍTULO | |
| Título | Curso de derecho internacional público y organizaciones internacionales / |
| Mención de responsabilidad, etc. | José Antonio Pastor Ridruejo |
| 250 ## - MENCIÓN DE EDICIÓN | |
| Mención de edición | Vigésima séptima edición |
| 260 ## - PUBLICACIÓN, DISTRIBUCIÓN, ETC. | |
| Lugar de publicación, distribución, etc. | Madrid : |
| Nombre del editor, distribuidor, etc. | Editorial Tecnos (Grupo Anaya, S. A.), |
| Fecha de publicación, distribución, etc. | 2023 |
| 300 ## - DESCRIPCIÓN FÍSICA | |
| Extensión | 885 páginas ; |
| Dimensiones | 25 cm |
| 505 0# - NOTA DE CONTENIDO CON FORMATO | |
| Nota de contenido con formato | Capítulo I. El concepto de derecho internacional público |<br/>Capítulo II. Las fuentes del derecho internacional |<br/>Capítulo III. Las relaciones entre el derecho internacional y los derechos internos |<br/>Capítulo IV. El individuo en el derecho internacional |<br/>Capítulo V. Los pueblos ante el derecho internacional |<br/>Capítulo VI. El Estado |<br/>Capítulo VII. Las organizaciones internacionales |<br/>Capítulo VIII. La cooperación internacional institucionalizada<br/> |
| 650 #7 - PUNTO DE ACCESO ADICIONAL DE MATERIA--TÉRMINO DE MATERIA | |
| Fuente del encabezamiento o término | lemb |
| Término de materia o nombre geográfico como elemento de entrada | Derecho internacional público |
| 650 #7 - PUNTO DE ACCESO ADICIONAL DE MATERIA--TÉRMINO DE MATERIA | |
| Fuente del encabezamiento o término | lemb |
| Término de materia o nombre geográfico como elemento de entrada | Organismos internacionales |
| 650 #7 - PUNTO DE ACCESO ADICIONAL DE MATERIA--TÉRMINO DE MATERIA | |
| Fuente del encabezamiento o término | lemb |
| Término de materia o nombre geográfico como elemento de entrada | Cooperación internacional |
| 942 ## - ELEMENTOS DE PUNTO DE ACCESO ADICIONAL (KOHA) | |
| Fuente del sistema de clasificación o colocación | Sistema de Clasificación Decimal Dewey |
| Tipo de ítem Koha | Libro (reserva) |
| Estado de retiro | Estado de pérdida | Fuente del sistema de clasificación o colocación | No para préstamo | Código de colección | Localización permanente | Ubicación en estantería | Fecha de adquisición | Total de préstamos | Signatura topográfica completa | Código de barras | Fecha visto por última vez | Número de copia | Precio válido a partir de | Tipo de ítem Koha |
|---|---|---|---|---|---|---|---|---|---|---|---|---|---|---|
| Disponible | Sistema de Clasificación Decimal Dewey | Reserva | Biblioteca Central UNIBE | Área de exhibición | 06/06/2025 | 341 P293c 2023 | 250675 | 06/06/2025 | Ej. 1 | 06/06/2025 | Libro (reserva) |